Options, Futures, and other derivatives (Record no. 450)

MARC details
000 -LEADER
fixed length control field 00432nam a22001697a 4500
005 - DATE AND TIME OF LATEST TRANSACTION
control field 20180316155659.0
008 - FIXED-LENGTH DATA ELEMENTS--GENERAL INFORMATION
fixed length control field 160503b xxu||||| |||| 00| 0 eng d
020 ## - INTERNATIONAL STANDARD BOOK NUMBER
ISBN 81-203-2237-1
041 ## - LANGUAGE CODE
Language code of text/sound track or separate title eng
082 ## - DEWEY DECIMAL CLASSIFICATION NUMBER
Item number 1152
Classification number 332.645
100 ## - MAIN ENTRY--AUTHOR NAME
Personal name Hull John C.
245 ## - TITLE STATEMENT
Title Options, Futures, and other derivatives
260 ## - PUBLICATION, DISTRIBUTION, ETC. (IMPRINT)
Place of publication New Delhi
Name of publisher Prentice hall of India,
Year of publication 2003
300 ## - PHYSICAL DESCRIPTION
Number of Pages 743
650 ## - SUBJECT ADDED ENTRY--TOPICAL TERM
Topical Term Management
942 ## - ADDED ENTRY ELEMENTS (KOHA)
Koha item type Books
Holdings
Lost status Damaged status Home library Shelving location Date acquired Cost, normal purchase price Full call number Accession Number Koha item type
    JRU Library SHELF - 10 - F 03/05/2016 325.00 332.645 1152 Books